<?xml version="1.0" encoding="UTF-8"?>
<collection xmlns="http://www.loc.gov/MARC21/slim">
 <record>
  <leader>01096nam a2200253 a 4500</leader>
  <controlfield tag="001">1/55534</controlfield>
  <controlfield tag="008">221213s1992    enk       b   001 | eng d</controlfield>
  <datafield tag="020" ind1=" " ind2=" ">
   <subfield code="a">9004095403</subfield>
  </datafield>
  <datafield tag="040" ind1=" " ind2=" ">
   <subfield code="a">GR-PeUP</subfield>
  </datafield>
  <datafield tag="082" ind1="0" ind2="0">
   <subfield code="a">296.1206 OHR</subfield>
  </datafield>
  <datafield tag="100" ind1="1" ind2=" ">
   <subfield code="a">Ohrenstein, Roman A.</subfield>
  </datafield>
  <datafield tag="245" ind1="0" ind2="0">
   <subfield code="a">Economic analysis in Talmudic literature : </subfield>
   <subfield code="b">rabbinic thought in the light of modern economics / </subfield>
   <subfield code="c">by Roman A. Ohrenstein and Barry Gordon.</subfield>
  </datafield>
  <datafield tag="260" ind1=" " ind2=" ">
   <subfield code="a">Leiden ; </subfield>
   <subfield code="a">New York : </subfield>
   <subfield code="b">E.J. Brill, </subfield>
   <subfield code="c">1992.</subfield>
  </datafield>
  <datafield tag="300" ind1=" " ind2=" ">
   <subfield code="a">xviii, 152 σ. ;</subfield>
   <subfield code="c">25 εκ.</subfield>
  </datafield>
  <datafield tag="490" ind1="1" ind2=" ">
   <subfield code="a">Studia post-Biblica ;</subfield>
  </datafield>
  <datafield tag="504" ind1=" " ind2=" ">
   <subfield code="a">Περιέχει βιβλιογραφία και ευρετήριο.</subfield>
  </datafield>
  <datafield tag="630" ind1="1" ind2="0">
   <subfield code="a">Talmud</subfield>
   <subfield code="x">Criticism, interpretation, etc.</subfield>
  </datafield>
  <datafield tag="630" ind1="1" ind2="0">
   <subfield code="a">Ταλμούδ</subfield>
   <subfield code="x">Κριτική, ερμηνεία, κλπ.</subfield>
  </datafield>
  <datafield tag="650" ind1=" " ind2="0">
   <subfield code="a">Economics</subfield>
   <subfield code="x">Religious aspects</subfield>
   <subfield code="x">Judaism.</subfield>
  </datafield>
  <datafield tag="650" ind1=" " ind2="4">
   <subfield code="a">Οικονομία</subfield>
   <subfield code="x">Θρησκευτικές όψεις</subfield>
   <subfield code="x">Ιουδαϊσμός.</subfield>
  </datafield>
  <datafield tag="700" ind1="1" ind2=" ">
   <subfield code="a">Gordon, Barry Lewis John.</subfield>
  </datafield>
  <datafield tag="830" ind1="0" ind2="0">
   <subfield code="a">Studia post-Biblica ;</subfield>
   <subfield code="v">40</subfield>
  </datafield>
  <datafield tag="852" ind1=" " ind2=" ">
   <subfield code="a">INST</subfield>
   <subfield code="b">UNIPILB</subfield>
   <subfield code="c">MAIN</subfield>
   <subfield code="e">20221213</subfield>
   <subfield code="h">296.1206 OHR</subfield>
   <subfield code="p">00187706</subfield>
   <subfield code="q">00187706</subfield>
   <subfield code="t">MAIN</subfield>
   <subfield code="y">0</subfield>
   <subfield code="4">1</subfield>
  </datafield>
  <datafield tag="960" ind1=" " ind2=" ">
   <subfield code="a">ΑΛΜΠΑΝΗ ΤΑΝΙΑ</subfield>
  </datafield>
 </record>
</collection>
